<?xml version="1.0" encoding="UTF-8"?>
<collection xmlns="http://www.loc.gov/MARC21/slim">
<record>
  <controlfield tag="001">155067</controlfield>
  <controlfield tag="005">20250515083539.0</controlfield>
  <datafield tag="037" ind1=" " ind2=" ">
    <subfield code="a">TAZ-TFG-2023-1004</subfield>
  </datafield>
  <datafield tag="041" ind1=" " ind2=" ">
    <subfield code="a">spa</subfield>
  </datafield>
  <datafield tag="100" ind1="1" ind2=" ">
    <subfield code="a">Urquía Alcaine, Elena</subfield>
  </datafield>
  <datafield tag="242" ind1="0" ind2="0">
    <subfield code="a">Mindfulness Applied to the Early Childhood Education</subfield>
  </datafield>
  <datafield tag="245" ind1="0" ind2="0">
    <subfield code="a">Mindfulness aplicado a la etapa de educación infantil</subfield>
  </datafield>
  <datafield tag="260" ind1=" " ind2=" ">
    <subfield code="a">Zaragoza</subfield>
    <subfield code="b">Universidad de Zaragoza</subfield>
    <subfield code="c">2023</subfield>
  </datafield>
  <datafield tag="506" ind1=" " ind2=" ">
    <subfield code="a">by-nc-sa</subfield>
    <subfield code="b">Creative Commons</subfield>
    <subfield code="c">3.0</subfield>
    <subfield code="u">http://creativecommons.org/licenses/by-nc-sa/3.0/</subfield>
  </datafield>
  <datafield tag="520" ind1=" " ind2=" ">
    <subfield code="a">En el documento presente se desarrolla el siguiente Trabajo de Fin de Grado, el cual, está basado en el mindfulness, cuyo objetivo principal es la mejora de la atención y concentración del alumnado desarrollando sus beneficios en el ámbito educativo. Además se fomenta y acerca el Mindfulness tanto a los docentes como a las aulas de Educación Infantil. A lo largo del marco teórico se hace referencia a los orígenes, beneficios y al concepto del mindfulness además a la atención vinculada a las aulas y por último el mindfulness en Educación Infantil relacionándolo con la escuela y las aulas dando lugar a su práctica en la vida diaria. Todo ello con la finalidad de comprender y exponer los puntos considerados más relevantes del tema. Después de haber recopilado la fundamentación teórica sobre mindfulness, y analizando la situación del aula y sus necesidades tanto del alumnado como del profesorado, se realiza una propuesta didáctica para los alumnos del segundo ciclo y segundo curso de Educación Infantil. Esta intervención en el aula está compuesta por sesiones, actividades y herramientas para introducir el mindfulness en el aula, en la cual, los docentes del centro pueden incorporar el mindfulness en el aula de Educación Infantil como recurso educativo. La propuesta se compone por los siguientes apartados, contexto, justificación, vinculación el currículo, temporalización, metodología, sesiones y evaluación. Por último, se hará referencia a las conclusiones basadas en la realización y desarrollo del documento. Palabras clave: Mindfulness, educación, atención plena, beneficios&lt;br /></subfield>
  </datafield>
  <datafield tag="521" ind1=" " ind2=" ">
    <subfield code="a">Graduado en Magisterio en Educación Infantil</subfield>
  </datafield>
  <datafield tag="540" ind1=" " ind2=" ">
    <subfield code="a">Derechos regulados por licencia Creative Commons</subfield>
  </datafield>
  <datafield tag="700" ind1=" " ind2=" ">
    <subfield code="a">Morillo Sarto, Héctor</subfield>
    <subfield code="e">dir.</subfield>
  </datafield>
  <datafield tag="710" ind1="2" ind2=" ">
    <subfield code="a">Universidad de Zaragoza</subfield>
    <subfield code="b">Psicología y Sociología</subfield>
    <subfield code="c">Psicología Evolutiva y de la Educación</subfield>
  </datafield>
  <datafield tag="856" ind1="0" ind2=" ">
    <subfield code="f">759961@unizar.es</subfield>
  </datafield>
  <datafield tag="856" ind1="4" ind2=" ">
    <subfield code="s">643625</subfield>
    <subfield code="u">http://zaguan.unizar.es/record/155067/files/TAZ-TFG-2023-1004.pdf</subfield>
    <subfield code="y">Memoria (spa)</subfield>
  </datafield>
  <datafield tag="909" ind1="C" ind2="O">
    <subfield code="o">oai:zaguan.unizar.es:155067</subfield>
    <subfield code="p">driver</subfield>
    <subfield code="p">trabajos-fin-grado</subfield>
  </datafield>
  <datafield tag="950" ind1=" " ind2=" ">
    <subfield code="a"></subfield>
  </datafield>
  <datafield tag="980" ind1=" " ind2=" ">
    <subfield code="a">TAZ</subfield>
    <subfield code="b">TFG</subfield>
    <subfield code="c">FEDU</subfield>
  </datafield>
  <datafield tag="999" ind1=" " ind2=" ">
    <subfield code="a">20230529162155.CREATION_DATE</subfield>
  </datafield>
  <datafield tag="951" ind1=" " ind2=" ">
    <subfield code="a">deposita:2025-05-15</subfield>
  </datafield>
</record>
</collection>